MDQL
is popping MORE tags! Check the
thread
!
Quizzes
Events
Quiz Creation
Community
Videos
Private Events
Remove Ads
Sign In
Join for FREE
Feedback
Dark Mode
Quiz Categories
Sports
Geography
Music
Movies
Television
Just For Fun
Miscellaneous
History
Literature
Language
Science
Gaming
Entertainment
Religion
Holiday
For Kids
Quiz Lab
Recent
Popular Today
Quiz Kudos Today
Editor Picks
Curator Picks
Quizzes by...
Day
Popularity
Type
Ratings
Length
Year
Community
Subscriptions
Recent Discussions
Orange Saloon
Badges
Playlists
Quests
Create
Leaderboards
Showdown
Live 5
Trivia Bingo
Activity
Puzzle Library
Sporcle Events
Private Events
Virtual Trivia
Globe League
Become a Host
Pub Owners
SporcleCon
Opinionation
Our Games
Videos
Blog
Mobile Apps
Partnerships
Remove Ads and Go Orange
Feedback
Movies
Disney
Marvel Cinematic Universe
Movie Resume
Movie Titles
Oscar
Actor
Actress
Director
Pixar
Role
Movie Quotes
Movie Characters
Box Office
Nominee
Best Picture
Star Wars
James Bond
Horror Movies
Movies
Disney
Marvel Cinematic Universe
Movie Resume
Movie Titles
Oscar
Actor
Actress
Director
Pixar
Role
Movie Quotes
Movie Characters
Box Office
Nominee
Best Picture
Star Wars
James Bond
Horror Movies
Random Quiz
Search Sporcle
×
Quiz Lab
Quiz Lab
Movies
Movie Quotes
Type in answers that appear in a list
Type in answers that appear in a list
Classic
Best Score? Go Orange.
Joker's 'scars' Monologue I Stats
Can you type the Joker's speech to Gambol about how he got his scars?
By
bh_master
6m
90 Questions
596 Plays
596 Plays
596 Plays
Comments
Comments
Give Quiz Kudos
Give Quiz Kudos
-
- Ratings
hide this ad
Replay
Link that replays current quiz
Next Quiz
Link to next quiz in quiz playlist
You Got
0%
They Got
Avg Score
83%
Avg Friend Score
Upgrade to see
Score Distribution
Jump to the score distribution portion of the page
Score
0/90
Timer
06:00
0
Plays Today
Answer
% Correct
My
98.7%
my
98.7%
I
97.3%
father
97.3%
a
97.1%
a
97%
the
96.8%
the
96.8%
the
96.8%
the
96.8%
a
96.5%
scars?
95.8%
he
95.8%
He
95.8%
- he
95.8%
he
95.8%
he
95.8%
He
95.8%
got
95.5%
how
95.1%
these
95%
was...
95%
know
93.5%
And
92.8%
And
92.8%
and
92.8%
And...
92.8%
on
92.6%
So -
92.3%
so
92.3%
Answer
% Correct
so
92.3%
so
92.3%
knife
92.1%
knife
92.1%
knife...
92.1%
to
90.9%
to
90.9%
to
90.9%
'Why
90.9%
'Why
90.9%
Why
90.9%
serious,
90.3%
serious?'
90.3%
serious?
90.3%
Wanna
88.9%
one
87.9%
One.
87.9%
that.
87.4%
that
87.4%
night
85.7%
put
85.4%
me
84.6%
me,
84.6%
me
84.6%
smile
84.6%
face!'
83.7%
drinker.
83.4%
mouth...
81.9%
in
80.5%
her,
80%
Answer
% Correct
'Let's
79.4%
like
78.2%
kitchen
76.8%
Not.
76.8%
blade
76.5%
says,
75.2%
Bit.
75%
takes
74.5%
takes
74.5%
fiend.
73.5%
than
71.8%
does
71.8%
doesn't
70.8%
Comes
70.3%
with
70%
usual.
69.5%
at
66.9%
it!
66.8%
herself.
65.6%
crazier
65.4%
Mommy
65.1%
defend
65.1%
goes
64.3%
sticks
60.9%
off
60.2%
watching
59.6%
laughing
58.9%
while
58.6%
Turns
57.4%
son?'
38.6%
Quiz Playlist
Details
Report
Send in Message
Add To Playlist
Classic:
Type in answers that appear in a list
Quiz Source
Last Updated: Feb 16, 2017
Quiz Scoreboard
CHALLENGE
Sign Up to Join the Scoreboard
Show All
Scores
Hide
Comments
May contain spoilers
Recently Published
Colored Red Africa Blitz
by spor1
Geography
30s
Find the 'City' Movie
by crazypaving
Movies
60s
5x2 Blitz: Bands
by SL_Kpop136
Music
30s
More to Explore
Quiz From the Vault
Featured Blog Post
14 Easter Pick-up Lines to Find Eggs With
hide this ad
You Might Also Like...
Tags
Movie Quotes Quiz
Quote Quiz
Dark Knight
The Joker
Today's Top Quizzes in Movies
Browse Movies
hide this ad
Today's Top Quizzes in Movie Quotes
Browse Movie Quotes
Top Contributed Quizzes in Movies
1
Find The 'Big' Movie
2
Find The 'Wild' Movie
3
Find The 'Blue' Movie
4
Movies By Plot
5
Hidden Star Wars Character II
6
Hidden Star Wars Character III
7
Pick 5 Posters: Directed by Spielberg
8
Hidden Star Wars Character IV
9
Alfred Hitchcock Movies by Plot
10
Hidden Star Wars Character V
Explore More
Trending Topics
Harry Potter
NBA
Kpop
Crossword
Disney
Marvel
Anime
NFL
WWE
Soccer
Country
Pokémon
Puzzle
Song
The Office
hide this ad
More By:
bh_master
Quiz
Plays
Rating
Category
Featured
Created
Megadeth's Symphony of Destruction Lyrics
959
5.00
Music
Feb 16, 2015
Joker's 'scars' Monologue I
596
5.00
Movies
Dec 24, 2014
Joker's scars monologue II
248
5.00
Movies
Apr 14, 2015
Deep Purple Highway Star Lyrics
216
4.50
Music
Jun 11, 2014
Dio songs in other names
127
5.00
Music
May 25, 2014
Go to Creator's Profile
Score Distribution
Quiz Creator Spotlight
bh_master
Follow
Send a Message
Quizzes Created
-
Created Quiz Play Count
-
More By This Creator
Popular Quizzes Today
1
Colored Red Africa Blitz
2
Find the 'City' Movie
3
5x2 Blitz: Bands
4
Find the US States - No Outlines Minefield
5
The Countries of the World
6
Find the US States
7
US States
8
Find the Countries of Europe - No Outlines Minefield
More Movies Quizzes
Eggs in Comedies
Editor's Pick
Trending Quizzes
Colored Red Europe Blitz I
Colored Red Europe Blitz II
Colored Red Africa Blitz II
Colored Red Europe Blitz III
Colored Red Africa Blitz III
Recently Updated
How Do You Spell That?
pecheneg
Godzilla Movies
pecheneg
Grab Bag: 4-10 Letters
pecheneg
2024 March Madness Bracket
pecheneg
Famous TV Couples
Peacemaker
Champions League XIs: Real Madrid
pecheneg
Largest US Cities 1790-2010
pecheneg
Rides in Walt Disney World
pecheneg
Most Oscar Losses (Acting)
pecheneg
Beyoncé Albums
pecheneg
Trending Topics
Crossword
Kpop
Harry Potter
Disney
Anime
NBA
Marvel
Puzzle
The Office
Pokémon
NFL
Soccer
Song
Country
WWE
Your Account Isn't Verified!
In order to create a playlist on Sporcle, you need to verify the email address you used during registration. Go to your
Sporcle Settings
to finish the process.
Report this User
Report this user for behavior that violates our
Community Guidelines
.
Details:
Send Report
Go to the Sporcle.com Mobile Site →
Comments